| 000 -LEADER |
| fixed length control field |
00401cam a2200133 a 4500 |
| 020 ## - INTERNATIONAL STANDARD BOOK NUMBER |
| ISBN |
155587293X (hc : alk. paper) : |
| 040 ## - CATALOGING SOURCE |
| Transcribing agency |
DLC |
| 082 00 - DEWEY DECIMAL CLASSIFICATION NUMBER |
| Classification number |
327 LYN 1992 A089 Or. |
| 100 1# - MAIN ENTRY--AUTHOR NAME |
| Personal name |
Shemesh, Haim. |
| 245 10 - TITLE STATEMENT |
| Title |
Soviet-Iraqi relations, 1968-1988 : |
| Remainder of title |
in the shadow of the Iraq-Iran conflict / |
| 260 ## - PUBLICATION, DISTRIBUTION, ETC. (IMPRINT) |
| Place of publication |
Boulder : |
| Name of publisher |
Lynne Rienner Publishers, |
| Year of publication |
1992. |
| 300 ## - PHYSICAL DESCRIPTION |
| Number of Pages |
x, 285 p. ; |
| Dimensions |
24 cm. |
| 942 ## - ADDED ENTRY ELEMENTS (KOHA) |
| Koha item type |
សៀវភៅភាសាអង់គ្លេស |
| 952 ## - LOCATION AND ITEM INFORMATION (KOHA) |
| Withdrawn status [LOCAL, KOHA] |
0 |